Statistics for Best Rap Album Grammy Winners

Click here to take the quiz!

General Stats

  • This quiz has been taken 437 times
    (382 since last reset)
  • The average score is 13 of 26

Answer Stats

YearArtistAlbum% Correct
2018Kendrick LamarDamn.
88%
2008Kanye WestGraduation
84%
2020Tyler, the CreatorIgor
84%
2016Kendrick LamarTo Pimp a Butterfly
83%
2005Kanye WestThe College Dropout
80%
2012Kanye WestMy Beautiful Dark Twisted Fantasy
76%
2006Kanye WestLate Registration
71%
2001EminemThe Marshall Mathers LP
66%
2013DrakeTake Care
59%
2009Lil WayneTha Carter III
59%
2019Cardi BInvasion of Privacy
57%
2011EminemRecovery
54%
2003EminemThe Eminem Show
53%
2021NasKing's Disease
52%
2000EminemThe Slim Shady LP
50%
2010EminemRelapse
48%
2017Chance the RapperColoring Book
46%
2014Macklemore & Ryan LewisThe Heist
43%
2015EminemThe Marshall Mathers LP 2
43%
2002OutkastStankonia
42%
2004OutkastSpeakerboxxx/The Love Below
30%
1997FugeesThe Score
14%
1999Jay-ZVol. 2... Hard Knock Life
4%
2007LudacrisRelease Therapy
3%
1998Puff Daddy and the FamilyNo Way Out
2%
1996Naughty by NaturePoverty's Paradise
1%

Score Distribution

Percentile by Number Answered

Percent of People with Each Score

Your Score History

You have not taken this quiz since the last reset